Najbardziej znane firmy w Europie - Statystyki

Ogólne statystyki
  • Ten quiz został rozwiązany 24 razy
  • Średni wynik to 10 z 24
Statystyki odpowiedzi
Hint Odpowiedź % Poprawnych
Włoska Marka drogich samochodów Ferrari
95%
Szwedzka aplikacja do słuchania muzyki Spotify
86%
Niemiecki producent odzieży sportowej Adidas
82%
to niemiecka firma motoryzacyjna produkująca samochody klasy premium. Firma jest znana z nowoczesnej technologii Audi
77%
Firma w Danii która produkuje klocki Lego
77%
Finlandzka firma produkująca telefony Nokia
77%
Firma znana z premium i sportowych Bmw
73%
Szwedzka Marka meblarska znana w sensie IKEA
73%
Niemiecki gigant motoryzacyjny Volkswagen
64%
Firma produkujące auta we Francji Renault
50%
Hiszpańska marka odzieżowa należąca do inditex Zara
50%
Włoska Marka premium Gucci
41%
Jedna najbardziej prestiżowych firm samochodowych świata Mercedes Benz
41%
Europejski producent samolotów Airbus
32%
Szwajcarski producent żywności Nestle
32%
Jedna z większych firm energetycznych świata Shell
23%
Jedna z najbardziej luksusowych Marek modowych Louis Vuitton
18%
Niemiecka firma tworząca programowanie biznesowe SAP
5%
Firma pochodząca z Niemiec technologiczno przemysłowa Siemens
5%
holenderski lider technologii do produkcji chipów. ASML
0%
Firma francuskich kosmetyków Eveline
0%
Szwedzka sieć modowa HIM
0%
Francuski gigant paliwowy energetyczny Total Energies
0%
Właściciel wielu znanych marek kosmetycznych i spożywczych Unilever
0%
Nie znaleziono quizów pasujących do podanych kryteriów
Rozkład punktacji
Procent ludzi z każdym wynikiem
Percentyl według liczby udzielonych odpowiedzi
Twoja historia wyników
Nie rozwiązałeś tego quizu